[Event "New York Marshall CC 05"]
[Site "New York"]
[Date "2025.05.03"]
[Round "3"]
[White "Ling, Chenxuan"]
[Black "Marri, Anvith Reddy"]
[Result "1-0"]
[WhiteElo "2131"]
[BlackElo "1983"]
[PlyCount "71"]
[EventDate "2025.05.03"]
[EventType "swiss"]
[EventRounds "5"]
[EventCountry "USA"]
[SourceTitle "CB19_2025"]
[SourceDate "2025.05.07"]
[SourceVersion "1"]
[SourceVersionDate "2025.05.07"]
[SourceQuality "1"]

1. c4 e6 2. Nc3 Nf6 3. Nf3 d5 4. e3 c6 5. b3 a6 6. Bb2 Be7 7. Be2 0-0 8. 0-0 Nbd7 9. d4 Re8 10. Bd3 h6 11. Qc2 Bd6 12. Rad1 Qe7 13. e4 dxe4 14. Nxe4 Nxe4 15. Bxe4 Nf6 16. Bd3 Qc7 17. Ne5 c5 18. Rfe1 b6 19. dxc5 Bxc5 20. a3 Bb7 21. b4 Bf8 22. h3 Rad8 23. Qe2 Qe7 24. Bc3 Rc8 25. Bb1 g6 26. Bd4 Bg7 27. Bxb6 Bc6 28. Nxc6 Rxc6 29. c5 Qb7 30. Bc2 Nd5 31. Rxd5 Rxb6 32. Rdd1 Rb5 33. Ba4 Bc3 34. Rf1 Ra8 35. Rd3 Bf6 36. Rfd1 1-0